| 000 | 00396nam a2200133Ia 4500 | ||
|---|---|---|---|
| 008 | 231129s2015||||xx |||||||||||||| ||spa|| | ||
| 020 | _a978-958-740-201-8 | ||
| 082 | _a633.51 M673p | ||
| 100 | _aMurcia Pardo Magda Liliana. | ||
| 245 | 0 | _aProducción y manejo de semilla de caña panelera | |
| 260 | _c2015 | ||
| 264 | _aBogotá : Corpoica | ||
| 942 |
_2ddc _cBKS |
||
| 999 |
_c23321 _d23321 |
||